[Event "Alberta reserves"]
[Site "Calgary CAN"]
[Date "2001.04.15"]
[Round "5"]
[White "Lacroix, Peter"]
[Black "Weis, Rod"]
[Result "0-1"]
[WhiteElo "1671"]
[BlackElo "1867"]
[PlyCount "48"]
[GameId "2160767911564977"]
[EventDate "2001.04.13"]
[EventType "swiss"]
[EventRounds "5"]
[EventCountry "CAN"]

1. Nc3 d5 2. e4 dxe4 3. Nxe4 Bf5 4. Qf3 Bxe4 5. Qxe4 c6 6. Nf3 Nf6 7. Qb4 Qc7 8. Bc4 e6 9. Qb3 Bd6 10. d4 O-O 11. Bd2 Nbd7 12. O-O-O b5 13. Bxe6 fxe6 14. Qxe6+ Kh8 15. Ng5 Nb6 16. Qf5 Qd7 17. Ne6 Rf7 18. Rde1 Nfd5 19. Qh5 g6 20. Qh4 Re8 21. Ng5 Rxe1+ 22. Rxe1 Re7 23. Rxe7 Qxe7 24. Qh6 Bf4 0-1

[Event "Alberta-ch"]
[Site "Calgary CAN"]
[Date "2001.04.15"]
[Round "1"]
[White "Ottosen, David"]
[Black "Haessel, Dale"]
[Result "0-1"]
[WhiteElo "2109"]
[BlackElo "2178"]
[PlyCount "78"]
[GameId "2160767911564954"]
[EventDate "2001.04.15"]
[EventType "tourn"]
[EventRounds "7"]
[EventCountry "CAN"]
[SourceTitle "EXT 2003"]
[Source "ChessBase"]
[SourceDate "2002.11.25"]
[SourceVersion "1"]
[SourceVersionDate "2002.11.25"]
[SourceQuality "1"]

1. d4 Nf6 2. Bg5 h6 3. Bxf6 exf6 4. e3 b6 5. Ne2 Bb7 6. Ng3 g6 7. Nd2 f5 8. Nf3 Qe7 9. Qd2 f4 10. Ne2 fxe3 11. fxe3 Bg7 12. O-O-O O-O 13. Nf4 Re8 14. Re1 Be4 15. Bd3 Nc6 16. h4 a5 17. Rh3 Bxf3 18. gxf3 Bxd4 19. Be4 Be5 20. h5 g5 21. Nd3 Bg7 22. Nf2 a4 23. a3 Ra5 24. f4 Rb5 25. c3 Na5 26. Qd3 c6 27. fxg5 Rxg5 28. Bf5 d5 29. Rf3 Nc4 30. e4 Ne5 31. Qd1 Nxf3 32. Qxf3 d4 33. Nh3 dxc3 34. Nxg5 cxb2+ 35. Kb1 Qxg5 36. Qd1 Qg3 37. Rg1 Qxa3 38. Rxg7+ Kxg7 39. Qd4+ Kg8 0-1

[Event "Alberta-ch"]
[Site "Calgary CAN"]
[Date "2001.04.15"]
[Round "1"]
[White "Reeve, Jeff"]
[Black "Huber, Gregory"]
[Result "0-1"]
[WhiteElo "2195"]
[BlackElo "2256"]
[PlyCount "112"]
[GameId "2160767911564955"]
[EventDate "2001.04.15"]
[EventType "tourn"]
[EventRounds "7"]
[EventCountry "CAN"]
[SourceTitle "EXT 2003"]
[Source "ChessBase"]
[SourceDate "2002.11.25"]
[SourceVersion "1"]
[SourceVersionDate "2002.11.25"]
[SourceQuality "1"]

1. e4 c5 2. Nf3 d6 3. d4 cxd4 4. Nxd4 Nf6 5. Nc3 a6 6. Be3 e5 7. Nb3 Be6 8. f3 h5 9. Qd2 Nbd7 10. O-O-O Be7 11. Kb1 b5 12. Nd5 Bxd5 13. exd5 Nb6 14. Na5 Nbxd5 15. Nc6 Qc7 16. Nxe7 Nxe3 17. Qxe3 Qxe7 18. g4 hxg4 19. fxg4 Rc8 20. Be2 Rc5 21. g5 Nd5 22. Qg3 Nf4 23. Bg4 O-O 24. h4 Rd8 25. Rde1 Qc7 26. Rh2 Ne6 27. Bxe6 fxe6 28. g6 Rf8 29. Qg4 Rf5 30. h5 Rc4 31. Qh3 Rf6 32. b3 Rcf4 33. Qg2 Qc3 34. Reh1 Qf3 35. Qd2 Rd4 36. Qa5 Rd1+ 37. Rxd1 Qxd1+ 38. Kb2 Qd4+ 39. c3 Rf2+ 40. Rxf2 Qxf2+ 41. Ka3 Qc5+ 42. Qb4 Kf8 43. Qxc5 dxc5 44. Kb2 Ke7 45. Kc2 Kf6 46. Kd3 Kg5 47. Ke4 Kxh5 48. Kxe5 Kxg6 49. Kxe6 Kg5 50. c4 bxc4 51. bxc4 Kf4 52. Kd5 g5 53. Kxc5 g4 54. Kd6 g3 55. c5 g2 56. c6 g1=Q 0-1

[Event "Alberta-ch"]
[Site "Calgary CAN"]
[Date "2001.04.15"]
[Round "2"]
[White "Haessel, Dale"]
[Black "Gardner, Robert"]
[Result "1-0"]
[WhiteElo "2178"]
[BlackElo "2222"]
[PlyCount "95"]
[GameId "2160767911564956"]
[EventDate "2001.04.15"]
[EventType "tourn"]
[EventRounds "7"]
[EventCountry "CAN"]
[SourceTitle "EXT 2003"]
[Source "ChessBase"]
[SourceDate "2002.11.25"]
[SourceVersion "1"]
[SourceVersionDate "2002.11.25"]
[SourceQuality "1"]

1. c4 f5 2. g3 g6 3. Bg2 Bg7 4. Nc3 Nf6 5. d3 d6 6. e4 e5 7. exf5 gxf5 8. Nge2 Nc6 9. f4 Be6 10. b4 Qd7 11. b5 Nd8 12. Bb2 O-O 13. O-O c6 14. a4 Nf7 15. Qd2 Rad8 16. a5 d5 17. fxe5 Nxe5 18. Na4 Neg4 19. Nc5 Qe7 20. Nxe6 Qxe6 21. Nd4 Qe3+ 22. Qxe3 Nxe3 23. Ne6 Nxf1 24. Rxf1 dxc4 25. Nxf8 Rxf8 26. dxc4 cxb5 27. cxb5 b6 28. axb6 axb6 29. Rxf5 h6 30. Bc6 Ng4 31. Bd5+ Kh7 32. Rxf8 Bxf8 33. Bd4 Bc5 34. Bxc5 bxc5 35. b6 Ne5 36. b7 Nd7 37. Kf2 Kg6 38. Ke3 Kf5 39. Bc6 Nb8 40. Bb5 Ke5 41. Kd3 Kd6 42. Kc4 Kc7 43. Kxc5 Kxb7 44. h4 h5 45. Kd6 Kb6 46. Be8 Na6 47. Bxh5 Nc5 48. Bg6 1-0

[Event "Alberta-ch"]
[Site "Calgary CAN"]
[Date "2001.04.15"]
[Round "2"]
[White "Odachowski, Arthur"]
[Black "Reeve, Jeff"]
[Result "0-1"]
[WhiteElo "2205"]
[BlackElo "2195"]
[PlyCount "57"]
[GameId "2160767911564958"]
[EventDate "2001.04.15"]
[EventType "tourn"]
[EventRounds "7"]
[EventCountry "CAN"]
[SourceTitle "EXT 2003"]
[Source "ChessBase"]
[SourceDate "2002.11.25"]
[SourceVersion "1"]
[SourceVersionDate "2002.11.25"]
[SourceQuality "1"]

1. d4 Nf6 2. c4 c5 3. d5 e6 4. Nc3 exd5 5. cxd5 Bd6 6. Nf3 Bc7 7. g3 d6 8. Bg2 O-O 9. O-O a6 10. a4 Re8 11. Nd2 Nbd7 12. Nc4 Rb8 13. Bf4 Nf8 14. a5 Ng6 15. e4 Ng4 16. Qd2 Nxf4 17. gxf4 Qh4 18. h3 Nf6 19. f5 g6 20. Ne3 gxf5 21. exf5 Kh8 22. Ra4 Qg5 23. f4 Qg7 24. Kh2 Bd7 25. Raa1 Rg8 26. Qf2 Rbe8 27. Ncd1 Qh6 28. Bh1 Bb5 29. Rg1 0-1

[Event "Alberta-ch"]
[Site "Calgary CAN"]
[Date "2001.04.15"]
[Round "3"]
[White "Gardner, Robert"]
[Black "Huber, Gregory"]
[Result "1/2-1/2"]
[WhiteElo "2222"]
[BlackElo "2256"]
[PlyCount "84"]
[GameId "2160767911564959"]
[EventDate "2001.04.15"]
[EventType "tourn"]
[EventRounds "7"]
[EventCountry "CAN"]
[SourceTitle "EXT 2003"]
[Source "ChessBase"]
[SourceDate "2002.11.25"]
[SourceVersion "1"]
[SourceVersionDate "2002.11.25"]
[SourceQuality "1"]

1. e4 c5 2. Nf3 d6 3. d4 cxd4 4. Nxd4 Nf6 5. Nc3 a6 6. Be3 e5 7. Nb3 Be6 8. Qd2 Nc6 9. f3 d5 10. exd5 Nxd5 11. Nxd5 Qxd5 12. Qxd5 Bxd5 13. c4 Bb4+ 14. Kf2 Be6 15. Nc5 Bxc5 16. Bxc5 O-O-O 17. b4 Rd2+ 18. Ke3 Rc2 19. Bd3 Rxg2 20. b5 Nd4 21. bxa6 bxa6 22. Bxd4 exd4+ 23. Kxd4 Rd8+ 24. Kc3 Rf2 25. Raf1 Rxa2 26. Ra1 Rf2 27. Be4 f5 28. Ba8 Rdd2 29. Rhc1 Ra2 30. Rxa2 Rxa2 31. Kd4 Rxh2 32. Bd5 Rh6 33. Ke5 Bd7 34. Rg1 g6 35. f4 Kc7 36. Rb1 Bc8 37. c5 Rh2 38. Rb6 Re2+ 39. Kf6 Rd2 40. Rc6+ Kd7 41. Rd6+ Kc7 42. Rc6+ Kd7 1/2-1/2

[Event "Alberta-ch"]
[Site "Calgary CAN"]
[Date "2001.04.15"]
[Round "3"]
[White "Reeve, Jeff"]
[Black "Ottosen, David"]
[Result "1-0"]
[WhiteElo "2195"]
[BlackElo "2109"]
[PlyCount "51"]
[GameId "2160767911564960"]
[EventDate "2001.04.15"]
[EventType "tourn"]
[EventRounds "7"]
[EventCountry "CAN"]
[SourceTitle "EXT 2003"]
[Source "ChessBase"]
[SourceDate "2002.11.25"]
[SourceVersion "1"]
[SourceVersionDate "2002.11.25"]
[SourceQuality "1"]

1. e4 c5 2. Nf3 d6 3. d4 cxd4 4. Nxd4 Nf6 5. Nc3 a6 6. Be3 e6 7. f3 b5 8. Qd2 Bb7 9. O-O-O Nbd7 10. g4 Nc5 11. g5 Nfd7 12. a3 Qa5 13. Kb1 Na4 14. Nxa4 Qxa4 15. Nb3 Rc8 16. Bd4 d5 17. Bc3 Nb6 18. Qe3 Nc4 19. Bxc4 Qxc4 20. Na5 Qc7 21. Nxb7 Qxb7 22. exd5 Bc5 23. Qe5 b4 24. axb4 Bxb4 25. Bxb4 Qxb4 26. Qxg7 1-0

[Event "Alberta-ch"]
[Site "Calgary CAN"]
[Date "2001.04.15"]
[Round "4"]
[White "Haessel, Dale"]
[Black "Huber, Gregory"]
[Result "1-0"]
[WhiteElo "2178"]
[BlackElo "2256"]
[PlyCount "151"]
[GameId "2160767911564962"]
[EventDate "2001.04.15"]
[EventType "tourn"]
[EventRounds "7"]
[EventCountry "CAN"]
[SourceTitle "EXT 2003"]
[Source "ChessBase"]
[SourceDate "2002.11.25"]
[SourceVersion "1"]
[SourceVersionDate "2002.11.25"]
[SourceQuality "1"]

1. c4 e6 2. g3 d5 3. Bg2 c5 4. cxd5 exd5 5. Nf3 Nc6 6. O-O Nf6 7. d4 Be7 8. dxc5 Bxc5 9. Bg5 d4 10. Qc2 Bb6 11. Rd1 O-O 12. Nc3 h6 13. Bxf6 Qxf6 14. Nd5 Qd8 15. Nxb6 Qxb6 16. Rd2 Be6 17. b3 Rfd8 18. Rad1 a5 19. Qb2 a4 20. Nxd4 Nxd4 21. Rxd4 Rxd4 22. Rxd4 axb3 23. axb3 Ra2 24. Qxa2 Qxd4 25. Bxb7 Qd1+ 26. Kg2 Bxb3 27. Qa8+ Kh7 28. Be4+ g6 29. Bd3 Be6 30. h4 h5 31. Qf3 Kg7 32. Qe3 Bh3+ 33. Kf3 Qa1 34. Qe4 Bf5 35. Qc4 Be6 36. Qc5 Bg4+ 37. Kg2 Bh3+ 38. Kh2 Bg4 39. Bc4 Qc3 40. Qb5 Qd4 41. Kg2 Bf5 42. Qb3 Qf6 43. Bd5 Bg4 44. e3 Bd7 45. Qc4 Be6 46. Bxe6 fxe6 47. Qd4 e5 48. Qc3 Qe6 49. f4 Qa2+ 50. Kf3 Qd5+ 51. e4 Qd1+ 52. Kf2 Kh7 53. fxe5 Qb1 54. Qf3 Qb2+ 55. Ke3 Qb3+ 56. Kf2 Qb2+ 57. Kg1 Qb1+ 58. Kh2 Qb2+ 59. Kh3 Qa2 60. Qf6 Qb1 61. Kh2 Qc2+ 62. Kh3 Qb1 63. Qf7+ Kh6 64. Qf4+ Kh7 65. Kg2 Qc2+ 66. Kh3 Qb1 67. Qf3 Qa1 68. e6 Qa2 69. Qf7+ Kh8 70. Qf6+ Kg8 71. Qxg6+ Kh8 72. Qxh5+ Kg7 73. Qg5+ Kh8 74. Qh6+ Kg8 75. e7 Qf7 76. Qf8+ 1-0

[Event "Alberta-ch"]
[Site "Calgary CAN"]
[Date "2001.04.15"]
[Round "4"]
[White "Odachowski, Arthur"]
[Black "Gardner, Robert"]
[Result "1-0"]
[WhiteElo "2205"]
[BlackElo "2222"]
[PlyCount "95"]
[GameId "2160767911564963"]
[EventDate "2001.04.15"]
[EventType "tourn"]
[EventRounds "7"]
[EventCountry "CAN"]
[SourceTitle "EXT 2003"]
[Source "ChessBase"]
[SourceDate "2002.11.25"]
[SourceVersion "1"]
[SourceVersionDate "2002.11.25"]
[SourceQuality "1"]

1. d4 c5 2. d5 f5 3. Nf3 Nf6 4. Nc3 g6 5. e4 fxe4 6. Ng5 Bg7 7. Be2 Qb6 8. O-O O-O 9. Ngxe4 Nxe4 10. Nxe4 d6 11. Ng5 Na6 12. Bd3 Bf5 13. c3 Nc7 14. Bc4 h6 15. a4 a5 16. Ne6 Nxe6 17. dxe6 Rad8 18. Bd5 g5 19. Qe2 Rf6 20. g4 Bh7 21. f4 gxf4 22. Bxf4 Rdf8 23. Be3 Rxf1+ 24. Rxf1 Rxf1+ 25. Kxf1 Qd8 26. Bxb7 d5 27. Qf3 d4 28. cxd4 cxd4 29. Bd2 Qc7 30. Qc6 Qd8 31. Qc8 Qxc8 32. Bxc8 d3 33. b3 Be5 34. Bxa5 Bxh2 35. Bd2 Be4 36. Kf2 Kg7 37. Ke3 Bg6 38. Bc3+ Kf8 39. Ba6 h5 40. gxh5 Bxh5 41. Bxd3 Bd1 42. Bc4 Bc7 43. Bd5 Ke8 44. a5 Kd8 45. a6 Bb6+ 46. Bd4 Kc7 47. a7 Bxa7 48. Bxa7 1-0

[Event "Alberta-ch"]
[Site "Calgary CAN"]
[Date "2001.04.15"]
[Round "5"]
[White "Gardner, Robert"]
[Black "Ottosen, David"]
[Result "1-0"]
[WhiteElo "2222"]
[BlackElo "2109"]
[PlyCount "39"]
[GameId "2160767911564964"]
[EventDate "2001.04.15"]
[EventType "tourn"]
[EventRounds "7"]
[EventCountry "CAN"]
[SourceTitle "EXT 2003"]
[Source "ChessBase"]
[SourceDate "2002.11.25"]
[SourceVersion "1"]
[SourceVersionDate "2002.11.25"]
[SourceQuality "1"]

1. f4 d6 2. Nf3 g6 3. g3 Bg7 4. Bg2 c6 5. d4 Nh6 6. e4 O-O 7. h3 Nd7 8. Be3 f5 9. e5 Nb6 10. Qe2 Nf7 11. Nc3 Qc7 12. h4 h5 13. O-O-O a5 14. Ng5 a4 15. Bf3 Nxg5 16. hxg5 Be6 17. Bxh5 gxh5 18. Qxh5 Rfe8 19. Qg6 Bf7 20. Rh8+ 1-0

[Event "Alberta-ch"]
[Site "Calgary CAN"]
[Date "2001.04.15"]
[Round "5"]
[White "Huber, Gregory"]
[Black "Odachowski, Arthur"]
[Result "1/2-1/2"]
[WhiteElo "2256"]
[BlackElo "2205"]
[PlyCount "51"]
[GameId "2160767911564965"]
[EventDate "2001.04.15"]
[EventType "tourn"]
[EventRounds "7"]
[EventCountry "CAN"]
[SourceTitle "EXT 2003"]
[Source "ChessBase"]
[SourceDate "2002.11.25"]
[SourceVersion "1"]
[SourceVersionDate "2002.11.25"]
[SourceQuality "1"]

1. e4 c5 2. Nf3 d6 3. d4 cxd4 4. Nxd4 Nf6 5. Nc3 Nc6 6. Bc4 Qb6 7. Nb3 e6 8. Be3 Qc7 9. Bd3 a6 10. f4 b5 11. a3 Bb7 12. O-O Be7 13. Qf3 Nd7 14. Qf2 Rb8 15. Rad1 b4 16. axb4 Nxb4 17. Bd4 Nxd3 18. Rxd3 O-O 19. Rdd1 Bf6 20. Rfe1 Rfd8 21. Kh1 Bxd4 22. Qxd4 Nf6 23. Ra1 Bc8 24. Red1 Bb7 25. Re1 Bc8 26. Red1 1/2-1/2

[Event "Alberta-ch"]
[Site "Calgary CAN"]
[Date "2001.04.15"]
[Round "5"]
[White "Reeve, Jeff"]
[Black "Haessel, Dale"]
[Result "0-1"]
[WhiteElo "2195"]
[BlackElo "2178"]
[PlyCount "76"]
[GameId "2160767911564966"]
[EventDate "2001.04.15"]
[EventType "tourn"]
[EventRounds "7"]
[EventCountry "CAN"]
[SourceTitle "EXT 2003"]
[Source "ChessBase"]
[SourceDate "2002.11.25"]
[SourceVersion "1"]
[SourceVersionDate "2002.11.25"]
[SourceQuality "1"]

1. e4 c5 2. Nf3 d6 3. d4 cxd4 4. Nxd4 Nf6 5. Nc3 a6 6. h3 e5 7. Nb3 Be6 8. Be3 Nbd7 9. Qd2 Be7 10. g4 h6 11. O-O-O b5 12. h4 Nb6 13. Bxb6 Qxb6 14. Kb1 b4 15. Nd5 Nxd5 16. exd5 Bd7 17. Be2 a5 18. f4 O-O-O 19. Qd3 exf4 20. Qc4+ Kb7 21. Qxf4 Bxh4 22. Qxf7 Bf6 23. Nd2 Rhe8 24. Bd3 a4 25. Ne4 Re7 26. Qg6 Be5 27. g5 hxg5 28. Qxg5 Rde8 29. Nd2 Bf6 30. Qf4 Be5 31. Qg5 Bb5 32. Bxb5 Qxb5 33. Nf3 Bf6 34. Qf4 Qc5 35. Ng5 Re2 36. Rc1 b3 37. c3 bxa2+ 38. Ka1 a3 0-1

[Event "Alberta-ch"]
[Site "Calgary CAN"]
[Date "2001.04.15"]
[Round "6"]
[White "Haessel, Dale"]
[Black "Odachowski, Arthur"]
[Result "1/2-1/2"]
[WhiteElo "2178"]
[BlackElo "2205"]
[PlyCount "27"]
[GameId "2160767911564967"]
[EventDate "2001.04.15"]
[EventType "tourn"]
[EventRounds "7"]
[EventCountry "CAN"]
[SourceTitle "EXT 2003"]
[Source "ChessBase"]
[SourceDate "2002.11.25"]
[SourceVersion "1"]
[SourceVersionDate "2002.11.25"]
[SourceQuality "1"]

1. c4 g6 2. g3 Bg7 3. Bg2 d6 4. Nc3 Nc6 5. e4 e5 6. Nge2 Nge7 7. O-O O-O 8. d3 Be6 9. Nd5 Qd7 10. Be3 Nd8 11. Rb1 Nc8 12. f4 c6 13. Ndc3 Ne7 14. b3 1/2-1/2

[Event "Alberta-ch"]
[Site "Calgary CAN"]
[Date "2001.04.15"]
[Round "6"]
[White "Ottosen, David"]
[Black "Huber, Gregory"]
[Result "1-0"]
[WhiteElo "2109"]
[BlackElo "2256"]
[PlyCount "121"]
[GameId "2160767911564968"]
[EventDate "2001.04.15"]
[EventType "tourn"]
[EventRounds "7"]
[EventCountry "CAN"]
[SourceTitle "EXT 2003"]
[Source "ChessBase"]
[SourceDate "2002.11.25"]
[SourceVersion "1"]
[SourceVersionDate "2002.11.25"]
[SourceQuality "1"]

1. d4 Nf6 2. Bg5 g6 3. Bxf6 exf6 4. e4 Bg7 5. Nc3 d6 6. Bd3 Nc6 7. Nge2 Nb4 8. Ng3 Nxd3+ 9. Qxd3 c6 10. O-O-O Bd7 11. Kb1 Qc7 12. h3 O-O-O 13. Qc4 Rhf8 14. Rhe1 Kb8 15. Re3 Bh6 16. Rf3 Bg5 17. Nce2 h5 18. Ra3 h4 19. Nf1 f5 20. f4 Be7 21. Qa4 b6 22. exf5 Bxf5 23. Ne3 Bd7 24. d5 c5 25. Qe4 Rfe8 26. Qf3 Bf6 27. Ng4 Bg7 28. Nc1 Re7 29. Qf2 Rh8 30. Re1 Rxe1 31. Qxe1 Qd8 32. Re3 Re8 33. Rxe8 Bxe8 34. Nb3 Bd7 35. Nd2 f5 36. Nf2 Qf6 37. c3 Qf7 38. Nf3 Bf6 39. c4 b5 40. Ne5 dxe5 41. fxe5 bxc4 42. exf6 Qxf6 43. Nd1 f4 44. Nc3 f3 45. gxf3 Qxf3 46. a3 Qf6 47. Qe2 Bf5+ 48. Ka2 Qd6 49. Qxc4 Bxh3 50. Qxh4 Bd7 51. Qc4 Bf5 52. Nb5 Qe7 53. Nc3 Qd6 54. Na4 g5 55. Nxc5 g4 56. Qb5+ Qb6 57. Qe8+ Kc7 58. Qf7+ Kd8 59. Nb7+ Kc8 60. Qxf5+ Kxb7 61. Qxg4 1-0

[Event "Alberta-ch"]
[Site "Calgary CAN"]
[Date "2001.04.15"]
[Round "7"]
[White "Gardner, Robert"]
[Black "Reeve, Jeff"]
[Result "0-1"]
[WhiteElo "2222"]
[BlackElo "2195"]
[PlyCount "86"]
[GameId "2160767911564969"]
[EventDate "2001.04.15"]
[EventType "tourn"]
[EventRounds "7"]
[EventCountry "CAN"]
[SourceTitle "EXT 2003"]
[Source "ChessBase"]
[SourceDate "2002.11.25"]
[SourceVersion "1"]
[SourceVersionDate "2002.11.25"]
[SourceQuality "1"]

1. f4 b6 2. e4 Bb7 3. Nc3 e6 4. d4 Bb4 5. Bd3 f5 6. Qh5+ g6 7. Qe2 Qh4+ 8. Kd1 Bxc3 9. bxc3 fxe4 10. Bxe4 Bxe4 11. Qxe4 Nc6 12. a4 Nf6 13. Qf3 Qg4 14. Qxg4 Nxg4 15. Ke2 Nf6 16. Nf3 Na5 17. Kd3 d6 18. Bd2 Kd7 19. c4 Nc6 20. a5 Rae8 21. Bc3 Rhf8 22. g3 Ng4 23. Rhf1 e5 24. dxe5 dxe5 25. Bxe5 Ngxe5+ 26. Nxe5+ Nxe5+ 27. fxe5 Rxf1 28. Rxf1 Rxe5 29. Kd4 Re7 30. Rf8 bxa5 31. Ra8 Re2 32. h4 Rg2 33. Rh8 Kc6 34. Rxh7 Rxg3 35. Rh6 Kb7 36. Kc5 a4 37. h5 g5 38. Kb5 a3 39. c5 c6+ 40. Rxc6 Rg1 41. Rg6 Rb1+ 42. Kc4 a2 43. Rg7+ Ka6 0-1

[Event "Alberta-ch"]
[Site "Calgary CAN"]
[Date "2001.04.15"]
[Round "7"]
[White "Odachowski, Arthur"]
[Black "Ottosen, David"]
[Result "1/2-1/2"]
[WhiteElo "2205"]
[BlackElo "2109"]
[PlyCount "22"]
[GameId "2160767911564972"]
[EventDate "2001.04.15"]
[EventType "tourn"]
[EventRounds "7"]
[EventCountry "CAN"]
[SourceTitle "EXT 2003"]
[Source "ChessBase"]
[SourceDate "2002.11.25"]
[SourceVersion "1"]
[SourceVersionDate "2002.11.25"]
[SourceQuality "1"]

1. d4 d5 2. c4 dxc4 3. e4 c5 4. d5 Nf6 5. Nc3 b5 6. e5 b4 7. exf6 bxc3 8. bxc3 exf6 9. Bxc4 Bd6 10. Qe2+ Qe7 11. Qxe7+ Kxe7 1/2-1/2

[Event "Alberta-ch w"]
[Site "Calgary CAN"]
[Date "2001.04.13"]
[Round "1"]
[White "McMaster, Carolyn"]
[Black "Kazakevich, Anastasia"]
[Result "0-1"]
[WhiteElo "1570"]
[BlackElo "1629"]
[PlyCount "70"]
[GameId "2160767911564978"]
[EventDate "2001.04.13"]
[EventType "tourn"]
[EventRounds "5"]
[EventCountry "CAN"]

1. e4 d5 2. exd5 Qxd5 3. Nc3 Qa5 4. d4 Nf6 5. Bd2 c6 6. Ne4 Qf5 7. Nxf6+ Qxf6 8. Be3 e5 9. Be2 Bd6 10. Nf3 h6 11. dxe5 Bxe5 12. Nxe5 Qxe5 13. Bd4 Qg5 14. Bf3 O-O 15. O-O Rd8 16. Re1 c5 17. Re5 Qf4 18. Re4 Qc7 19. Qe2 cxd4 20. Re8+ Rxe8 21. Qxe8+ Kh7 22. Re1 Be6 23. h4 Qc8 24. Qb5 Nc6 25. Be4+ Kg8 26. Qd3 Qd7 27. Bh7+ Kh8 28. a3 Bc4 29. Qxc4 Kxh7 30. f3 Re8 31. Rd1 Qe6 32. Qxe6 Rxe6 33. c3 Rd6 34. cxd4 Rxd4 35. Rxd4 Nxd4 0-1

[Event "Alberta-ch w"]
[Site "Calgary CAN"]
[Date "2001.04.14"]
[Round "2"]
[White "Kazakevich, Anastasia"]
[Black "Rock, Dawn"]
[Result "1/2-1/2"]
[WhiteElo "1629"]
[BlackElo "1556"]
[PlyCount "96"]
[GameId "2160767911564979"]
[EventDate "2001.04.13"]
[EventType "tourn"]
[EventRounds "5"]
[EventCountry "CAN"]

1. d4 Nf6 2. c4 e5 3. dxe5 Ng4 4. Nf3 Nc6 5. Nc3 Ngxe5 6. Nxe5 Nxe5 7. e3 Bb4 8. Bd2 d6 9. Be2 Bf5 10. Nb1 Bc5 11. Bc3 Qe7 12. O-O O-O 13. Nd2 Qe6 14. b3 Bg4 15. Bxg4 Nxg4 16. Re1 Qf5 17. Qf3 Qg6 18. Qg3 Rae8 19. h3 Ne5 20. Bxe5 Rxe5 21. Qxg6 fxg6 22. Nf3 Ref5 23. Re2 g5 24. Rd1 c6 25. Nd4 Re5 26. Nc2 a5 27. a3 Rf6 28. b4 axb4 29. axb4 Bb6 30. Red2 Ree6 31. Nd4 Re4 32. Rd3 c5 33. Nb5 Rxc4 34. Nxd6 Rxb4 35. Nxb7 c4 36. Rc3 Rb2 37. Rf1 Bxe3 38. fxe3 Rxb7 39. Rxc4 Re7 40. Rc3 Kf7 41. Rf3 Kg6 42. Kf2 h5 43. g4 hxg4 44. hxg4 Re4 45. Rxf6+ gxf6 46. Kf3 Re5 47. Rc6 Kf7 48. Rc7+ Ke6 1/2-1/2

[Event "Alberta-ch w"]
[Site "Calgary CAN"]
[Date "2001.04.14"]
[Round "3"]
[White "McMaster, Carolyn"]
[Black "Rock, Dawn"]
[Result "1-0"]
[WhiteElo "1570"]
[BlackElo "1556"]
[PlyCount "53"]
[GameId "2160767911564980"]
[EventDate "2001.04.13"]
[EventType "tourn"]
[EventRounds "5"]
[EventCountry "CAN"]

1. d4 d5 2. c4 e6 3. Nc3 Nf6 4. Bg5 Be7 5. Nf3 Nbd7 6. Bxf6 Nxf6 7. e3 c6 8. c5 b6 9. b4 bxc5 10. dxc5 O-O 11. Ne5 Qc7 12. f4 Rd8 13. Bd3 Ne4 14. Ne2 Bf6 15. Nd4 Bb7 16. Ndf3 a5 17. Qc2 axb4 18. Bxe4 dxe4 19. Qxe4 Qa5 20. O-O Qxc5 21. Ng5 Bxg5 22. fxg5 Rf8 23. Nd7 Qxg5 24. Nxf8 Rxf8 25. Rab1 Rb8 26. Rxb4 f5 27. Qxe6+ 1-0

[Event "Alma"]
[Site "Alma CAN"]
[Date "2001.02.18"]
[Round "3"]
[White "Jobin, Rock"]
[Black "Fortier, Marc-Andre"]
[Result "0-1"]
[WhiteElo "1660"]
[BlackElo "2130"]
[PlyCount "144"]
[GameId "2160767911610442"]
[EventDate "2001.02.17"]
[EventType "swiss"]
[EventRounds "4"]
[EventCountry "CAN"]

1. d4 f5 2. Bg5 Nf6 3. Bxf6 exf6 4. Nd2 b6 5. e4 fxe4 6. Qh5+ g6 7. Qd5 c6 8. Qxe4+ Qe7 9. O-O-O d5 10. Qf4 Bg7 11. h4 O-O 12. Bd3 Na6 13. h5 g5 14. Qg3 h6 15. Bg6 f5 16. Nb3 c5 17. f4 c4 18. Na1 gxf4 19. Qxf4 c3 20. bxc3 Qa3+ 21. Kd2 Nc5 22. Nb3 Ne4+ 23. Ke3 Nxc3 24. Rd3 Qe7+ 25. Kf3 Qe4+ 26. Kg3 Nxa2 27. Nf3 Nb4 28. Rc3 Nxc2 29. Rc7 Qxf4+ 30. Kxf4 Nb4 31. Ne5 Bxe5+ 32. Kxe5 Nd3+ 33. Kd6 Rf6+ 34. Kxd5 Be6+ 35. Kd6 Bxb3+ 36. Ke7 Re6+ 37. Kd7 Rf6 38. Rh3 Nf4 39. Rxb3 Nxg6 40. Rg3 Kh7 41. hxg6+ Rxg6 42. Rxg6 Kxg6 43. d5 a5 44. Rc8 Rxc8 45. Kxc8 a4 46. d6 a3 47. d7 a2 48. d8=Q a1=Q 49. Qxb6+ Qf6 50. Qf2 f4 51. Qa2 Kg5 52. Qg8+ Kh4 53. Qa2 Kg3 54. Qc2 h5 55. Qe2 Qf5+ 56. Kc7 Qd5 57. Kb8 h4 58. Qe1+ Kxg2 59. Qxh4 Qb3+ 60. Ka7 Qg3 61. Qd8 f3 62. Qd5 Kh2 63. Qd2+ f2 64. Qc2 Kg1 65. Qc5 Qf3 66. Qg5+ Qg2 67. Qc5 Qg6 68. Ka8 Qf6 69. Qb6 Qf5 70. Qd4 Kh2 71. Qh8+ Kg3 72. Qc3+ Qf3+ 0-1

[Event "August Appreciation"]
[Site "Edmonton CAN"]
[Date "2001.08.09"]
[Round "2"]
[White "Verlik, Val"]
[Black "Kazakevich, Anastasia"]
[Result "0-1"]
[WhiteElo "1484"]
[BlackElo "1672"]
[PlyCount "76"]
[GameId "2160767911555321"]
[EventDate "2001.08.02"]
[EventType "swiss"]
[EventRounds "5"]
[EventCountry "CAN"]

1. e4 c6 2. Bc4 d5 3. exd5 cxd5 4. Be2 Nc6 5. Nf3 Bg4 6. c3 Nf6 7. Qa4 Qc7 8. d4 e6 9. h3 Bxf3 10. Bxf3 Be7 11. Nd2 O-O 12. Qb3 Rab8 13. g3 Rfc8 14. Bg2 b5 15. a3 a5 16. Nf3 b4 17. Qd1 bxc3 18. bxc3 Na7 19. Bd2 Nb5 20. Rc1 Nxa3 21. Bf4 Bd6 22. Ne5 Nc4 23. Qe2 Rb2 24. Qd3 Nxe5 25. dxe5 Bxe5 26. Bd2 Qc4 27. Qe3 Bd6 28. Bf1 Qe4 29. Qxe4 Nxe4 30. Be3 Rxc3 31. Rxc3 Nxc3 32. Bg2 a4 33. O-O a3 34. Kh2 a2 35. Bd4 Bb4 36. Bxc3 Bxc3 37. Rc1 Rb1 38. Rxc3 g6 0-1

[Event "Autumn Frost"]
[Site "Ottawa CAN"]
[Date "2001.11.01"]
[Round "1"]
[White "Pacey, Kevin"]
[Black "De Kerpel, Stijn"]
[Result "1/2-1/2"]
[WhiteElo "2317"]
[BlackElo "2138"]
[PlyCount "70"]
[GameId "2160767911484970"]
[EventDate "2001.11.01"]
[EventType "swiss"]
[EventRounds "5"]
[EventCountry "CAN"]

1. e4 c5 2. Nf3 d6 3. d4 cxd4 4. Nxd4 Nf6 5. Nc3 a6 6. Bc4 e6 7. O-O b5 8. Bb3 Bb7 9. f4 Be7 10. Bxe6 fxe6 11. Nxe6 Qb6+ 12. Kh1 Kf7 13. Nxg7 Kxg7 14. e5 Nbd7 15. exf6+ Nxf6 16. Be3 Qc7 17. Qe2 b4 18. Rae1 Rae8 19. Bd4 h5 20. Ne4 Bd8 21. Qd3 Qc6 22. Qg3+ Kf7 23. Ng5+ Kf8 24. Rxe8+ Kxe8 25. Re1+ Kd7 26. Qh3+ Kc7 27. Ne6+ Kb8 28. Nxd8 Rxd8 29. Bxf6 Rg8 30. Re2 Qc4 31. Qe3 Rxg2 32. Qe8+ Ka7 33. Qe3+ Kb8 34. Qe8+ Ka7 35. Qe3+ Kb8 1/2-1/2